Регионална библиотека "Любен Каравелов" - Русе

Учебник по психоаналитична терапия (Запис номер 18047)

MARC детайли
000 -Лидер
Контролно поле с фиксирана дължина 01962nam a2200421 c 4500
003 - Код на организацията, давaща контролен номер
Контролно поле BLK
005 - Дата и час на последна редакция
Контролно поле 20181006141858.0
008 - Елементи от данни с фиксирана дължина
fixed length control field 180413b bul|||||r ||||||| ||bul||
010 ## - Наследен системен номер
LC control number KNG00020063000
020 ## - Международен стандартен номер на книга ISBN
Международен стандартен номер на книга ISBN 978-954-535-568-4
-- издат.: Нов бълг. унив. - на том
040 ## - Източник на каталожния запис
Идентификатор на билиотеката - собственик на записа BLK
041 ## - Код за език
Код за езика на текст/звукозапис или на отделно заглавие Български
Код за езика КДБФ Български
072 #7 - Код за тематичната категория
Код организация bullib
Код за тематична категория Н15
Текст Психология Н
080 ## - УДК
Текстов определител УДК Психоанализа
УДК код - определител по УДК 159.964.2
УДК определител (075.8)
УДК - код + определител 159.964.2(075.8)
080 ## - УДК
Текстов определител УДК Психоанализата като лечебно средство
УДК код - определител по УДК 615.851.13
УДК определител (075.8)
УДК - код + определител 615.851.13(075.8)
100 1# - Редна дума - Автор
Автор Томе, Хелмут
Авторска отговорност първи автор
R(LIN) 130016
139 ## - Редно поле
Редна дума Томе, Хелмут и др.
Авторски знак Том - Т 69
245 10 - Сведения за заглавието
Заглавие Учебник по психоаналитична терапия
Подзаглавни данни Т. 1 -
Редно поле (дума) Хелмут Томе; съавт. Хорст Кехеле; прев. на том Драгомир Драганов; прев. на том Майа Делчева.
Том Т. 1
Заглавие на том Основи
257 ## - Страна на издаване
Страна на създаване/издаване Германия
260 ## - Област на издателските данни
-- София
Година на издаване 2010
Печатница София : Селекта
300 ## - Физическа характеристика
Размери/Мащаб 28 см
380 ## - Жанр
Жанр Философия
500 ## - Общи забележки
Забележка Ориг. загл.: Lehrbuch der Psychoanalytischen Therapie / Helmut Thoma", Horst Kachele.
650 #4 - Допълнително описание по предмет – тема
Основно описание – тема или топоним Психотерапия - учебници за ВУЗ
9 (RLIN) 250121
650 #4 - Допълнително описание по предмет – тема
Основно описание – тема или топоним Психоанализа - учебници за ВУЗ
9 (RLIN) 250120
653 ## - Ключова дума – ненормативна
Ключова дума психотерапия
653 ## - Ключова дума – ненормативна
Ключова дума психоанализа
659 ## - Тематичен бюлетин
Тематичен бюлетин Н
700 1# - Други автори (авторска отговорност)
Лично име Кехеле, Хорст
Автороска отговорност (Описва отношението между автора и произведението) съавт.
9 (RLIN) 78491
700 1# - Други автори (авторска отговорност)
Лично име Драганов, Драгомир
Автороска отговорност (Описва отношението между автора и произведението) прев. на том
9 (RLIN) 365220
700 1# - Други автори (авторска отговорност)
Лично име Делчева, Майа
Автороска отговорност (Описва отношението между автора и произведението) прев. на том
9 (RLIN) 262513
760 1# - Описание на основната серия
-- - на том
Редна дума на основното описание Томе, Хелмут
Място на издаване, издател и година Нов бълг. унив., 2010
Страници - том 486 с.
Забележка - том Библиогр. с. 447-486
Заглавие Т. 1 Основи
852 ## - Местоположение
Форматна сигнатура Цб ІІ 16647
856 4# - Електронен адрес и достъп
Електронен формат pdf - файл
Път до файла /url/
856 4# - Електронен адрес и достъп
Електронен формат pdf - файл
Път до файла /url/
942 ## - АРТИКУЛИ
Вид на библиотечния материал Книги
Скрит в OPAC Не
Koha issues (borrowed), all copies 1
944 ## - СЪЗДАВАНЕ И РЕДАКЦИЯ на ЗАПИСА
Създаване/Редакция Създаване
Дата на регистрацията/редакция 22.03.2011
Служител, извършил регистрацията/редакцията Милена_Ачева
944 ## - СЪЗДАВАНЕ И РЕДАКЦИЯ на ЗАПИСА
Създаване/Редакция Редакция
Дата на регистрацията/редакция 28.07.2011
Служител, извършил регистрацията/редакцията
999 ## - СИСТЕМНИ КОНТРОЛНИ НОМЕРА
Koha biblionumber 18047
Koha biblioitemnumber 18047
Наличности
Код за отписване Код за изгубен артикул Код за повреда Коз за рестрикции Код за отдаване Артикулен № Име на библиотеката - собственик Име на библиотеката, в която се намира в момента Статус (Текущо местоположение) Дата на вписване в системата Местоположение - отдел Цена в лева Инвентарен номер Систематично азбучна сигнатура Баркод Номер на екземпляра Цена в евро Служебна бележка Служебен тип на артикула Източник на класификационната схема
  Не е изгубен Не е повреден без рестрикции ползва се в читалня 30342 Регионална библиотека "Любен Каравелов" Русе Регионална библиотека "Любен Каравелов" Русе Хранилище 2011-03-21 Хранилище 29.00 120000749930 Цб ІІ 16647 120000749930 1 14.83 Дост: Dp Вид: Д N: 27 Дата: 07.07.2010 Книги  
  Не е изгубен Не е повреден без рестрикции ползва се в читалня 750513 Регионална библиотека "Любен Каравелов" Русе Регионална библиотека "Любен Каравелов" Русе Читалня 2019-12-03 Читалня 23.20   Ч 159.9/Т 69 120000839275   11.86   Книги Universal Decimal Classification
Vip Innovations Ltd, Rousse, Bulgaria 2025